00435nam a2200181Ia 4500003000400000005001700004008004100021020001500062040000700077041000800084082002200092100002400114245003400138250000700172260004500179300001600224365001300240OSt20230509094336.0210423s2007 xx 000 0 und d a1433088912 cAL aeng a612.01 223bGANW aGANONG (William F). aReview of medical physiology. a22 aNew DelhibOxford University Pressc2007 axii,912bPB b695cINR